[Event "Arber op 6th"]
[Site "Bodenmais"]
[Date "2017.08.01"]
[Round "4"]
[White "Post, Thomas"]
[Black "Huettinger, Siegfried"]
[Result "1-0"]
[WhiteElo "1999"]
[BlackElo "1493"]
[PlyCount "39"]
[EventDate "2017.07.29"]
[EventType "swiss"]
[EventRounds "9"]
[EventCountry "GER"]
[SourceTitle "CBM 179 Extra"]
[Source "ChessBase"]
[SourceDate "2017.08.23"]
[SourceVersion "1"]
[SourceVersionDate "2017.08.23"]
[SourceQuality "1"]

1. d4 d5 2. c4 c6 3. Nf3 Nf6 4. Nc3 e6 5. Bg5 Be7 6. e3 Ne4 7. Bxe7 Qxe7 8. Bd3 Nxc3 9. bxc3 dxc4 10. Bxc4 0-0 11. 0-0 Nd7 12. e4 b5 13. Bd3 a5 14. Re1 Bb7 15. Rb1 a4 16. Qd2 Ba6 17. d5 exd5 18. exd5 Qd6 19. dxc6 Nc5 20. Bxh7+ 1-0

[Event "Niedersachsen South distr-ch"]
[Site "Northeim"]
[Date "2006.10.01"]
[Round "4"]
[White "Schulz, Michael"]
[Black "Post, Thomas"]
[Result "1-0"]
[WhiteElo "2243"]
[BlackElo "2111"]
[PlyCount "101"]
[EventDate "2006.09.30"]
[EventType "swiss"]
[EventRounds "5"]
[EventCountry "GER"]
[SourceTitle "EXT 2012"]
[Source "ChessBase"]
[SourceDate "2011.11.24"]
[SourceVersion "1"]
[SourceVersionDate "2011.11.24"]
[SourceQuality "1"]

1. e4 e5 2. Nf3 Nc6 3. d4 exd4 4. Nxd4 Bc5 5. Be3 Qf6 6. c3 Nge7 7. Be2 d6 8. 0-0 0-0 9. Qd2 Qg6 10. Bd3 Ne5 11. f4 Nxd3 12. Qxd3 d5 13. Nd2 dxe4 14. Qxe4 Qxe4 15. Nxe4 Bb6 16. Rad1 Bg4 17. Rd2 Nc6 18. Nf2 Be6 19. b3 Nxd4 20. Bxd4 Rfd8 21. Rfd1 Bxd4 22. Rxd4 Rxd4 23. Rxd4 Kf8 24. Nd3 Re8 25. h3 f6 26. Kf2 Ke7 27. Ra4 a6 28. Re4 Kf7 29. Rd4 Ke7 30. Nc5 Bc8 31. g4 Rd8 32. Ke3 Rxd4 33. Kxd4 b6 34. Nd3 h5 35. Nf2 hxg4 36. hxg4 c5+ 37. Ke3 Kd6 38. Ne4+ Kc6 39. f5 Kd5 40. Ng3 g5 41. fxg6 Bxg4 42. Kf4 Be6 43. Nh5 c4 44. Nxf6+ Kc5 45. b4+ Kb5 46. Ke5 Bg8 47. Nxg8 a5 48. bxa5 bxa5 49. Ne7 Ka4 50. g7 Ka3 51. g8Q 1-0

[Event "Niedersachsen South distr-ch"]
[Site "Northeim"]
[Date "2006.09.30"]
[Round "2"]
[White "Grosse, Stefan"]
[Black "Post, Thomas"]
[Result "1-0"]
[WhiteElo "1960"]
[BlackElo "2111"]
[PlyCount "117"]
[EventDate "2006.09.30"]
[EventType "swiss"]
[EventRounds "5"]
[EventCountry "GER"]
[SourceTitle "EXT 2012"]
[Source "ChessBase"]
[SourceDate "2011.11.24"]
[SourceVersion "1"]
[SourceVersionDate "2011.11.24"]
[SourceQuality "1"]

1. e4 e5 2. Nf3 Nc6 3. d4 exd4 4. c3 d5 5. exd5 Qxd5 6. cxd4 Nf6 7. Nc3 Bb4 8. Be2 0-0 9. 0-0 Bxc3 10. bxc3 Bg4 11. Bb2 Rfe8 12. Re1 b6 13. c4 Qf5 14. h3 Bh5 15. Rc1 Rad8 16. d5 Nb8 17. Nd4 Bxe2 18. Rxe2 Qf4 19. Rc3 Rxe2 20. Qxe2 Qxd4 21. Rg3 Qh4 22. Qe7 Re8 23. Bxf6 Rxe7 24. Bxh4 Re1+ 25. Kh2 Re2 26. Re3 Rxe3 27. fxe3 Na6 28. Be7 f6 29. Kg3 Kf7 30. Ba3 Nb8 31. Kf3 Nd7 32. Ke4 g6 33. Kd4 Ne5 34. c5 Ke8 35. c6 a6 36. Bb2 Ke7 37. a4 Kf7 38. Ke4 Nc4 39. Bd4 Nd6+ 40. Kf4 Nf5 41. Bc3 Nd6 42. e4 Nc4 43. Bd4 Ke7 44. g4 h6 45. h4 Kf7 46. g5 hxg5+ 47. hxg5 fxg5+ 48. Kxg5 Nd2 49. Kf4 g5+ 50. Kf5 g4 51. Bxb6 g3 52. Bxc7 g2 53. Bb6 Ke7 54. e5 Nf3 55. d6+ Ke8 56. e6 g1Q 57. Bxg1 Nxg1 58. c7 Kf8 59. c8Q+ 1-0

[Event "Munich-ch VM1"]
[Site "Munich"]
[Date "2006.02.12"]
[Round "9"]
[White "Suligoy, Alois"]
[Black "Post, Thomas"]
[Result "1/2-1/2"]
[WhiteElo "1818"]
[BlackElo "2133"]
[PlyCount "124"]
[EventDate "2006.01.20"]
[EventType "tourn"]
[EventRounds "9"]
[EventCountry "GER"]
[SourceTitle "EXT 2007"]
[Source "ChessBase"]
[SourceDate "2006.11.23"]
[SourceVersion "1"]
[SourceVersionDate "2006.11.23"]
[SourceQuality "1"]

1. e4 e6 2. f4 d5 3. e5 c5 4. Nf3 Nc6 5. c3 Be7 6. d3 Nh6 7. Qc2 0-0 8. Be2 f6 9. Nbd2 fxe5 10. Nxe5 Rxf4 11. Nxc6 bxc6 12. Nf3 Rf6 13. Bg5 Rg6 14. h4 Nf7 15. Bxe7 Qxe7 16. Rg1 e5 17. 0-0-0 Bf5 18. Qd2 e4 19. h5 Rh6 20. dxe4 Qxe4 21. Bd3 Qxd3 22. Qxd3 Bxd3 23. Rxd3 Rxh5 24. Re3 Kf8 25. Rge1 Rh6 26. Re7 Rg6 27. Rc7 Re8 28. Rxe8+ Kxe8 29. Ne1 a5 30. Ra7 a4 31. Rxa4 Ke7 32. Ra7+ Ke6 33. Nd3 Rg4 34. Nxc5+ Kd6 35. b4 Ne5 36. a4 Rxg2 37. a5 h5 38. a6 h4 39. Ra8 Rg1+ 40. Kc2 Rg2+ 41. Kd1 Nc4 42. Rh8 Ra2 43. Rxh4 Ke7 44. Rh8 Kf6 45. Kc1 g5 46. Rc8 Ne5 47. Kb1 Ra3 48. Kb2 Nc4+ 49. Kc2 Ne5 50. Rf8+ Ke7 51. Rf5 Nc4 52. Rxg5 Kd8 53. Rg8+ Kc7 54. Rg7+ Kb8 55. Re7 Ra2+ 56. Kc1 Ra3 57. Rb7+ Ka8 58. Rc7 Ra1+ 59. Kc2 Ra2+ 60. Kb1 Ra3 61. Rxc6 Rxc3 62. Rc7 d4 1/2-1/2

[Event "Nuremberg-ch op 05th"]
[Site "Nuremberg"]
[Date "2005.05.08"]
[Round "5"]
[White "Post, Thomas"]
[Black "Classen, Andrej"]
[Result "1-0"]
[WhiteElo "1961"]
[BlackElo "1718"]
[PlyCount "57"]
[EventDate "2005.05.06"]
[EventType "swiss"]
[EventRounds "5"]
[EventCountry "GER"]
[SourceTitle "EXT 2007"]
[Source "ChessBase"]
[SourceDate "2006.11.23"]
[SourceVersion "1"]
[SourceVersionDate "2006.11.23"]
[SourceQuality "1"]

1. d4 d5 2. c4 e6 3. Nc3 Nf6 4. Bg5 Nbd7 5. e3 c6 6. Qc2 Be7 7. cxd5 exd5 8. Bd3 0-0 9. Nge2 Re8 10. 0-0 Nf8 11. Rfe1 Be6 12. Nf4 Qc7 13. Nxe6 fxe6 14. Bf4 Qd8 15. Rad1 Rc8 16. e4 dxe4 17. Nxe4 Nd5 18. Be5 Nb4 19. Qe2 Nxd3 20. Rxd3 Ng6 21. Bg3 Qd7 22. Red1 Rcd8 23. Qg4 e5 24. Qxd7 Rxd7 25. dxe5 Rxd3 26. Rxd3 Nxe5 27. Bxe5 Bc5 28. Nxc5 Rxe5 29. Rd8+ 1-0

[Event "Nuremberg-ch op 05th"]
[Site "Nuremberg"]
[Date "2005.05.06"]
[Round "1"]
[White "Post, Thomas"]
[Black "Liedemit, Wolfgang"]
[Result "1/2-1/2"]
[WhiteElo "1961"]
[BlackElo "1531"]
[PlyCount "101"]
[EventDate "2005.05.06"]
[EventType "swiss"]
[EventRounds "5"]
[EventCountry "GER"]
[SourceTitle "EXT 2007"]
[Source "ChessBase"]
[SourceDate "2006.11.23"]
[SourceVersion "1"]
[SourceVersionDate "2006.11.23"]
[SourceQuality "1"]

1. d4 d5 2. c4 c6 3. Nf3 Nf6 4. e3 Bf5 5. Nc3 e6 6. Bd3 Bxd3 7. Qxd3 Nbd7 8. 0-0 Bd6 9. b3 b6 10. e4 dxe4 11. Nxe4 Qc7 12. Nxd6+ Qxd6 13. g3 Nc5 14. Qe2 Nce4 15. Bf4 Qd7 16. Rac1 0-0 17. Rfd1 h6 18. Ne5 Qb7 19. f3 Nd6 20. c5 Nf5 21. g4 Ne7 22. Nc4 Ng6 23. Bg3 Nd5 24. Nd6 Qd7 25. Qd2 f6 26. Re1 f5 27. gxf5 exf5 28. f4 Rf6 29. Nc4 Rd8 30. Rcd1 Kh7 31. Qf2 Re8 32. Rxe8 Qxe8 33. Re1 Re6 34. Ne5 Nc3 35. Qc2 Ne4 36. Rxe4 fxe4 37. f5 Nxe5 38. fxe6 Nf3+ 39. Kf2 Qxe6 40. Ke3 bxc5 41. dxc5 Ng5 42. h4 Qg4 43. hxg5 Qxg3+ 44. Kxe4 Qxg5 45. Kd4+ g6 46. Qe4 Qf6+ 47. Qe5 Kg7 48. b4 Kf7 49. a4 Qf2+ 50. Kd3 Qf3+ 51. Kc2 1/2-1/2